000 00817cam a22002773a 4500
001 1126
003 PGUSA
005 20140828082957.0
008 971201s1997||||xxu|||||s|||||000 | eng d
040 _aPGUSA
_beng
042 _adc
050 4 _aPR
100 1 _aShakespeare, William,
_d1564-1616
245 1 0 _aMeasure for Measure
_h[electronic resource] /
_cWilliam Shakespeare
260 _bProject Gutenberg,
_c1997
500 _aWorld Library
506 _aCopyrighted. Read the copyright notice inside this book for details.
516 _aElectronic text
653 _aChastity -- Drama
653 _aBrothers and sisters -- Drama
653 _aVienna (Austria) -- Drama
653 _aComedies
830 0 _aProject Gutenberg
_v1126
856 4 0 _uhttp://www.gutenberg.org/ebooks/1126
942 _cEB
999 _c230474
_d230474